000
nam a22 7a 4500
999
_c
51809
_d
51809
003
OSt
005
20220510110316.0
008
220510b xxu||||| |||| 00| 0 eng d
040
_c
sero soft
100
_a
Ahmad Aqil
245
_a
Mohammedan Law
260
_a
Allahabad
_b
Central Law Agency
300
_a
442
942
_2
ddc
_c
02